| 000 | 00726nam a2200181Ia 4500 | ||
|---|---|---|---|
| 003 | GCL | ||
| 008 | 140319s9999 xx 000 0 ara d | ||
| 040 |
_aGCL / _cGCL |
||
| 082 | 0 | 4 |
_a257.5 _bا ع |
| 100 | 1 | _aمحمد عبدالقادر احمد عطا | |
| 245 | 1 | 0 |
_aكتاب ادب القضاء أو الدرر المنظومات فى الاقضية والحكومات / _cمحمد عبدالقادر احمد عطا |
| 700 | 1 | _aابن ابى الدم : ابو اسحاق شهاب الدين ابراهيم بن عبدالله بن عبدالمنعم الهمدانى | |
| 300 | _a563 ص | ||
| 490 | _a | ||
| 650 | 0 | 4 | _aالشريعة الاسلامية |
| 650 | 0 | 4 | _aالقضاء فى الاسلام |
| 942 |
_2ddc _cBK |
||
| 999 |
_c37651 _d37651 |
||